000 01242nam a2200265Ia 4500
003 OSt
005 20220930094737.0
006 a|||||r|||| 00| 0
007 ta
008 220926b |||||||| |||| 00| 0 hin d
024 _a10234
037 _cTheses
040 _aCRL
_cCRL
_bhin
041 _2hin
_ahin
100 _aवर्मा, संजीव कुमार, ले.
110 _aदिल्ली विश्वविद्यालय. कला संकाय. शिक्षा - शास्त्र विभाग
_9556177
245 0 _aआचार्य रजनीश का शिक्षा - दर्शन
_b तंत्र - विज्ञान के विशेष संदर्भ में
246 _aĀchārya rajanīsh kā shikṣhā - darshana: tantra - vijnyān ke visheṣh sandarbha mean
260 _c2013
300 _a223पृ0
_ap.
_ccm.
650 _aशिक्षाशास्त्र
700 _aदिल्ली विश्वविद्यालय. कला संकाय. शिक्षा - शास्त्र विभाग
_9556178
942 _cDIS
_2CC
999 _c887596
_d887596